The adventures of Rama and Sita
| Main Author: | |
|---|---|
| Other Authors: | |
| Format: | Book |
| Published: |
Great Britain :
Julia Macrae Books ,
1987
|
| Series: | Redwing Books
|
| Subjects: |
MARC
| LEADER | 00000cam a2200000 7i4500 | ||
|---|---|---|---|
| 001 | 0000003829 | ||
| 002 | 000004128 | ||
| 005 | 20000330.0 | ||
| 020 | |a 0862033136 | ||
| 090 | 0 | 0 | |a JF |b BON |
| 100 | 1 | |a Bond, Ruskin | |
| 245 | 1 | 4 | |a The adventures of Rama and Sita |c Ruskin Bond ; illustrated by Valerie Littlewood |
| 260 | |a Great Britain : |b Julia Macrae Books , |c 1987 | ||
| 300 | |a 64p. : |b ill. ; |c 21cm. | ||
| 490 | 0 | |a Redwing Books | |
| 650 | 0 | 0 | |a Children's stories |
| 700 | 1 | |a Littlewood, Valerie , |e illustrated | |
| 999 | |a 032372 |b BUKU |c PINJAMAN |e PERPUSTAKAAN KOMUNITI PETALING JAYA | ||